Normal view MARC view
  • Titchmarsh, Alan

Entry Personal Name

Number of records used in: 2

001 - CONTROL NUMBER

  • control field: 387

003 - CONTROL NUMBER IDENTIFIER

  • control field: DLC

005 - DATE AND TIME OF LATEST TRANSACTION

  • control field: 20230803080413.0

008 - FIXED-LENGTH DATA ELEMENTS

  • fixed length control field: 801024n| acannaab |n aaa

010 ## - LIBRARY OF CONGRESS CONTROL NUMBER

  • LC control number: n 80134700

040 ## - CATALOGING SOURCE

  • Original cataloging agency: DLC
  • Transcribing agency: DLC
  • Modifying agency: DLC
  • Modifying agency: Uk

053 #0 - LC CLASSIFICATION NUMBER

  • Classification number element-single number or beginning number of span: PR6070.I82

100 1# - HEADING--PERSONAL NAME

  • Personal name: Titchmarsh, Alan

670 ## - SOURCE DATA FOUND

  • Source citation: His The step-by-step guide to gardening techniques, 1981, c1980:
  • Information found: t.p. (Alan Titchmarsh)

670 ## - SOURCE DATA FOUND

  • Source citation: OCLC 15084979: His Climbers and wall plants, 1987
  • Information found: (hdg.: Titchmarsh, Alan, 1949- )

670 ## - SOURCE DATA FOUND

  • Source citation: BL AL recd. 24 Oct. 1988
  • Information found: (Alan Fred Titchmarsh, born 2 May 1949)